| 000 | 00586nam a22001697a 4500 | ||
|---|---|---|---|
| 082 |
_a801.95 _bSOH |
||
| 100 | _aSohail, Amir | ||
| 245 |
_aJadeed Lisaniyati aur Uslubiyati Tasawurat/ _cDr. Amir Sohail. |
||
| 260 |
_aFaisalabad: _bMisaal Publishers, _c2021. |
||
| 300 | _a292p. | ||
| 563 | _aHB | ||
| 650 |
_aLinguistics _9306 |
||
| 880 |
_6100-01\(3\r _aجدید لسانیاتی اور اسلوبیاتی تصورات/ |
||
| 880 |
_6100-02\(3\r _aڈاکٹر عامر سہیل |
||
| 880 |
_6100-03\(3\r _aفیصل آباد : _bمثال پبلشرز; _c2021. |
||
| 942 |
_2ddc _cBK |
||
| 999 |
_c614307 _d614307 |
||